Narody Indoeuropejskie - Statystyki

Ogólne statystyki
  • Ten quiz został rozwiązany 18 razy
    14 od ostatniego zresetowania
  • Średni wynik to 45 z 92
Statystyki odpowiedzi
Hint Odpowiedź % Poprawnych
7 mln Bułgarzy
100%
7 mln Chorwaci
100%
12 mln Czesi
100%
110 mln Francuzi
100%
16 mln Grecy
100%
16 mln Grecy
100%
140 mln Hiszpanie
100%
170 mln Niemcy
100%
58,5 mln Polacy
100%
137 mln Rosjanie
100%
13 mln Serbowie
100%
6,5 mln Słowacy
100%
2,5 mln Słoweńcy
100%
46 mln Ukraińcy
100%
8 mln Albańczycy
93%
90 mln Anglicy
93%
9 mln Białorusini
93%
4 mln Bośniacy
93%
180 mln Hindusi
93%
80 mln Irlandczycy
93%
425 tys Islandczycy
93%
4,3 mln Litwini
93%
1,5 mln Łotysze
93%
2,25 mln Macedończycy
93%
56 mln Portugalczycy
93%
23,8 mln Rumuni
93%
30 mln Szkoci
93%
14 mln Szwedzi
93%
6 mln Walijczycy
93%
7 mln Duńczycy
86%
12 mln Norwegowie
86%
6 mln Bretończycy
79%
30 mln Holendrzy
79%
7,5 mln Katalończycy
79%
140 mln Włosi
79%
400 tys Czarnogórcy
71%
78 mln Persowie
71%
25 mln Kurdowie
64%
3,4 mln Mołdawianie
64%
240 tys Kaszubi
57%
400 tys Luksemburczycy
57%
6,2 mln Flamandowie
50%
10,5 tys Łemkowie
50%
10,5 mln Ormianie
50%
1,5 mln Sardyńczycy
50%
17 mln Tadżycy
50%
70 tys Farerowie
43%
16 mln Oksytańczycy
43%
42,5 mln Pasztuni
43%
4,4 mln Walonowie
43%
260 tys Korsykanie
36%
250 mln Bengalczycy
29%
13 mln Romowie
29%
50 tys Serbołużyczanie
29%
1,2 mln Bojkowie
21%
? Fryzowie
21%
100 mln Pendżabczycy
21%
1,65 mln Alzatczycy
14%
3,5 mln Galisyjczycy
14%
60 tys Gorani
14%
40 mln gudźaratowie
14%
1 mln Huculi
14%
? Lotarynczycy
14%
700 tys Osetyjczycy
14%
5 mln Zaza
14%
3,6 mln Afrykanerzy
7%
15 mln Beludżowie
7%
1 tys Istrorumuni
7%
5 mln Lurowie
7%
200 tys Nuristańczycy
7%
500 tys Pomacy
7%
20 tys Rusini Panońscy
7%
15,8 mln Sindhowie
7%
184 tys Tałyszowie
7%
0,5 mln Żmudzini
7%
200 tys Arumuni
0%
? Bachtiarzy
0%
1,3 mln Bhilowie
0%
? Biharczycy
0%
600 tys Friulowie
0%
3 mln Gilianie
0%
6 mln Hazarowie
0%
10 tys Jagnobczycy
0%
35 tys Ladynowie
0%
260 tys Malediwczycy
0%
1,8 mln Mazandaranie
0%
17 tys Meglenorumuni
0%
100 tys Muzułmanie z narodowości
0%
60 tys Romanie
0%
15 mln Syngalezi
0%
19,4 tys Tatowie
0%
? Torbesze
0%
Nie znaleziono quizów pasujących do podanych kryteriów
Rozkład punktacji
Procent ludzi z każdym wynikiem
Percentyl według liczby udzielonych odpowiedzi
Twoja historia wyników
Nie rozwiązałeś tego quizu od ostatniego zresetowania